000 01282cam a2200337 i 4500
001 42454
003 Mx-PuUPA
005 20251028114336.0
008 140415s1965 mx a gr 001 0 spa d
040 _cMx-PuUPA
_aMx-PuUPA
_bspa
_dMx-PuUPA
_erda
041 1 _aspa
_heng
043 _ae-fr---
100 1 _aLapierre, Dominique,
_d1931-
_913783
_eautor
240 1 3 _aIs Paris burning?
_lEspañol
245 1 1 _a¿Arde París? :
_bhistoria de la liberación de París /
_cDominique Lapierre y Larry Collins ; traductor, René Cárdenas Barrios
250 _a3a. edición /
_bdiciembre
264 1 _aMéxico, D.F. :
_bEditorial Diana,
_c©1965
300 _a383 páginas, 24 láminas sin numerar :
_bilustraciones (blanco y negro) ;
_c22 cm
336 _2rdacontent
_atexto
_btxt
337 _2rdamedia
_asin medio
_bn
338 _2rdacarrier
_avolumen
_bnc
650 7 _2armarc
_aGuerra Mundial
_y1939-1945
_zFrancia
_zParís
651 1 4 _aParís (Francia)
_xHistoria
_y1940-1944
700 1 _aCollins, Larry,
_eautor
700 1 _aCollins, Larry,
_etraductor
765 0 _aLapierre, Dominique
_tIs Paris burning?
942 _2ddc
_cLI
_h940.542121
_iL2518
999 _c42454
_d42454